01405nam a2200373 i 450000100060000000300090000600500170001500800390003202000150007104000360008604100070012208000100012908000100013924502200014926000380036930000410040733600270044833700540047533800280052938000160055738800140057338800140058749000400060165000280064165000120066965100490068165100450073065100110077565800250078670000300081171000520084183000400089385600980093330653KOSZ 00520220824150308.0 s1995 pl f |000 0 pol a838667654X cKOSZ 005aKOSZ 005dKOSZ 005/EG0 apl a504.5 a(438)00aInformacja o stanie środowiska województwa koszalińskiego w 1994 roku /caut. Gerard Bartknecht [i in. : Państwowa Inspekcja Ochrony Środowiska, Wojewódzki Inspektorat Ochrony Środowiska w Koszalinie]. aKoszalin :bPIOŚ.WIOŚ,c1995. a62 s. :bmapy,1 pl., wykr. ;c24 cm. 2rdacontentaTekstbtxt 2rdamediaaBez urządzenia pośredniczącegobn 2rdacarrieraWoluminbnc aKsiążki a1901-2000 a1989-20001 aBiblioteka Monitoringu Środowiska 7aŚrodowisko człowieka 7aHigiena 7aKoszalin (woj. zachodniopomorskie ; okolice) 7aWojewództwo koszalińskie (1975-1998) 7aPolska aOchrona środowiska1 aBartknecht, GerardeAutor2 aPaństwowa Inspekcja Ochrony Środowiska4pbl aBiblioteka Monitoringu Środowiska uhttp://koha.tu.koszalin.pl/cgi-bin/koha/opac-detail.pl?biblionumber=30653yKatalog online BPK